Retraite et société : l’Europe du grand âge : entre familles et institutions /

محفوظ في:
التفاصيل البيبلوغرافية
مؤلفون آخرون: Hermange, Patrick (dirección) (dirección)
التنسيق: كتاب
اللغة:الفرنسية
منشور في: París, Francia : La Documentation Française, 2003, c2003
الموضوعات:
الوسوم: إضافة وسم
لا توجد وسوم, كن أول من يضع وسما على هذه التسجيلة!

MARC

LEADER 00000nam^a2200000^a^4500
001 000189035
005 20250521000000.0
009 20260310102400.927
022 |a 1167-4687 
037 |a Acervo ITESO - Biblioteca 
041 |a FRA 
082 |a 618. 9705  |b RET V. 38 
240 1 1 |a [Retraite et société] 
245 0 0 |a Retraite et société :  |b l’Europe du grand âge : entre familles et institutions /  |c Dir. de P. Hermange ; coord. y presen. de Claudine Attias-Donfut, Clemens Tesch-Römer. 
264 4 |a París, Francia :  |b La Documentation Française,  |c 2003, c2003 
300 |a 253 p. 
336 |a texto  |b txt  |2 rdacontenido 
337 |a sin mediación  |b n  |2 rdamedio 
338 |a volumen  |b nc  |2 rdasoporte 
649 |a XX 
650 |a Ancianos -  |z Europa -  |x Condiciones Sociales y Culturales -  |x Tema Principal 
650 |a Ancianos -  |z Europa -  |x Cuidado e Higiene 
650 |a Familia -  |z Europa -  |x Condiciones Sociales y Culturales 
650 |a Calidad de Vida -  |z Europa 
650 |a Diversidad Cultural -  |z Europa 
650 |a Conflicto Intergeneracional -  |z Europa 
650 |a Generación (Demografía) -  |z Europa 
650 |a Relaciones Familiares -  |z Europa 
650 |a Interacción Social -  |z Europa 
650 |a Responsabilidad -  |z Europa 
650 |a Apoyo Social -  |z Europa 
650 |a Solidaridad -  |z Europa 
650 |a Asistencia Social -  |z Europa 
650 |a Programas Sociales -  |z Europa 
650 |a Estado de Bienestar -  |z Europa 
650 |a Política Social -  |z Europa 
650 |a Sociología 
650 |a Psicología Social 
650 |a Gerontología 
700 |a Hermange, Patrick  |e (dirección) 
910 |a Fondo General 
920 |a Impresos - Libros 
930 |a Colección General 
905 |a 101 
901 |a 0500131633  |b IT1  |c ACC  |u 20250521 
902 |a https://opac.biblio.iteso.mx/vufind/Record/000189035